000 00652nam a2200229Ia 4500
003 OSt
005 20220923215029.0
006 a|||||r|||| 00| 0
007 ta
008 220922b |||||||| |||| 00| 0 hin d
024 _a175,031
037 _cTextual
040 _aARTS
_cARTS
_bhin
041 _2hin
_ahin
082 _aO152:9, H9
100 _aगुप्त, सोमनाथ
_9156318
245 0 _aआलोचना उसके सिद्धान्त
246 _aĀlochanā usake siddhānta
260 _c1949
942 _hO152:9, H9
_cTEXL
_2CC
999 _c328735
_d328735